| 000 | 00559nam a2200205 a 4500 | ||
|---|---|---|---|
| 001 | 6499 | ||
| 003 | CO-ViMGA | ||
| 008 | 141112s2004 ck r 000 u spa d | ||
| 040 |
_aCO-ViMGA _bspa _cCO-ViMGA |
||
| 082 | 0 | 4 | _a745.5941 A758 |
| 100 | 1 |
_aAsmus de Hubscher, Adriana _95320 |
|
| 245 | 1 | 0 | _aSouvenirs para fiestas |
| 260 |
_aBuenos Aires : _bAlbatros, _c1996 |
||
| 300 | _a125 p : il | ||
| 490 | _aCreaciones | ||
| 650 | 1 | 4 |
_aRECORDATORIOS - ELABORACION _95321 |
| 650 | 1 | 4 | _aREGALOS |
| 650 | 1 | 4 |
_aTRABAJOS MANUALES Y ARTESANIAS _95322 |
| 942 |
_2ddc _cBK |
||
| 999 |
_c18469 _d18469 |
||